Riešenie možností automatizácie na renováciu železničných srdcoviek výhybiek naváraním pre projekt pracoviska : Diplomová práca

Na minha lista:
Detalhes bibliográficos
Autor principal: Raffaj, Miloš (Author)
Outros Autores: Dzurila, Pavol (xxx)
Formato: Manuscrito Livro
Idioma:eslovaco
Publicado em: Trnava : SVŠT v Bratislave StF KZZaPM, 1990
Assuntos:
Tags: Adicionar Tag
Sem tags, seja o primeiro a adicionar uma tag!

MARC

LEADER 00000ntm a22000003a 4500
001 stu91197
005 20160719162648.9
008 041025s1990----cs------------------slo-d
040 |a STU  |b slo 
041 0 |a slo 
044 |a cs 
100 1 |a Raffaj, Miloš  |4 aut 
245 1 |a Riešenie možností automatizácie na renováciu železničných srdcoviek výhybiek naváraním pre projekt pracoviska :  |b Diplomová práca 
260 |a Trnava :  |b SVŠT v Bratislave StF KZZaPM,  |c 1990 
300 |a 49 s  |c príl 
650 7 |a strojárska technológia  |2 stusub 
650 7 |a naváranie  |2 stusub 
700 1 |a Dzurila, Pavol  |4 xxx 
996 |b 284M060860  |c M*DP-2460  |l MMSKP  |s P  |a 0  |w stu91197_0001